Southville International School and Colleges
Your cart is empty.
  • Cart
  • Lists
    Public lists Eva Luna New books Lux_list list_1
    Your lists Log in to create your own lists
  • Log in to your account
  • Your cookies
  • Search history
Southville International School and Colleges
  • Advanced search
  • Recent comments
  • Most popular
  • Libraries

Log in to your account

Log in with GOOGLE


If you do not have an external account, but do have a local account, you can still log in:

  1. Home
  2. MARC view: Five signs of a loving family. /
Normal view MARC view ISBD view

Five signs of a loving family. / (Record no. 6909)

[ view plain ]
MARC details
000 -LEADER
fixed length control field 00677nam a22002297a 4500
003 - CONTROL NUMBER IDENTIFIER
control field OSt
005 - DATE AND TIME OF LATEST TRANSACTION
control field 20140310181919.0
008 - FIXED-LENGTH DATA ELEMENTS--GENERAL INFORMATION
fixed length control field 130718t xxu||||| |||| 00| 0 eng d
020 ## - INTERNATIONAL STANDARD BOOK NUMBER
International Standard Book Number 9715115705
050 ## - LIBRARY OF CONGRESS CALL NUMBER
Classification number HQ 536
Item number .C466 2004
082 ## - DEWEY DECIMAL CLASSIFICATION NUMBER
Classification number TR 646.78
Item number C36 2004
100 ## - MAIN ENTRY--PERSONAL NAME
Personal name Chapman, Gary
9 (RLIN) 1431
245 ## - TITLE STATEMENT
Title Five signs of a loving family. /
Statement of responsibility, etc Chapman, Gary.
260 ## - PUBLICATION, DISTRIBUTION, ETC. (IMPRINT)
Place of publication, distribution, etc Metro, Manila :
Name of publisher, distributor, etc OMF Literature Inc,
Date of publication, distribution, etc c1999.
300 ## - PHYSICAL DESCRIPTION
Extent 243 p. ;
Dimensions 23 cm.
521 ## - TARGET AUDIENCE NOTE
Target audience note
541 ## - IMMEDIATE SOURCE OF ACQUISITION NOTE
-- 1
562 ## - COPY AND VERSION IDENTIFICATION NOTE
Number of copies 1
650 ## - SUBJECT ADDED ENTRY--TOPICAL TERM
Source of heading or term Family.--United States.--Psycological aspects
650 ## - SUBJECT ADDED ENTRY--TOPICAL TERM
Source of heading or term Communication in the family.--United States
942 ## - ADDED ENTRY ELEMENTS (KOHA)
Source of classification or shelving scheme Library of Congress Classification
Koha item type
Call number prefix
Holdings
Withdrawn status Lost status Source of classification or shelving scheme Damaged status Home library Current library Shelving location Date acquired Total Checkouts Full call number Barcode Date last seen Copy number Price effective from Koha item type
    Library of Congress Classification   Luxembourg Library Luxembourg Library Teachers Reference Section 07/18/2013   HQ 536 .C466 2004 16004 08/13/2013 1 07/18/2013 Books

Five signs of a loving family. /

APA

Chapman G., . (1999). Five signs of a loving family. Metro, Manila: OMF Literature Inc.

Chicago

Chapman Gary, . 1999. Five signs of a loving family. Metro, Manila: OMF Literature Inc.

Harvard

Chapman G., . (1999). Five signs of a loving family. Metro, Manila: OMF Literature Inc.

MLA

Chapman Gary, . Five signs of a loving family. Metro, Manila: OMF Literature Inc. 1999.

  • Place hold
  • Print
  • Cite
  • Add to your cart (remove)
  • Save record
    BIBTEX Dublin Core MARCXML MARC (non-Unicode/MARC-8) MARC (Unicode/UTF-8) MARC (Unicode/UTF-8, Standard) MODS (XML) RIS
  • More searches
    Search for this title in:
    Other Libraries (WorldCat) Other Databases (Google Scholar) Online Stores (Bookfinder.com) Open Library (openlibrary.org)

Exporting to Dublin Core...

SOUTHVILLE LIBRARY

Southville International School and Colleges Library

1281 Tropical Ave. Cor. Luxembourg St., BF Homes International, Las Pinas City

Tel. No. 8256374 / 252358 Loc. 117/146

Powered by Koha